Principles of risk management and insurance. (Record no. 161653)

MARC details
000 -LEADER
fixed length control field 00551nam a2200217Ia 4500
003 - CONTROL NUMBER IDENTIFIER
control field OSt
005 - DATE AND TIME OF LATEST TRANSACTION
control field 20230612105232.0
008 - FIXED-LENGTH DATA ELEMENTS--GENERAL INFORMATION
fixed length control field 210423s2011 xx 000 0 und d
020 ## - INTERNATIONAL STANDARD BOOK NUMBER
International Standard Book Number 9789350516676
040 ## - CATALOGING SOURCE
Transcribing agency AL
041 ## - LANGUAGE CODE
Language code of text/sound track or separate title eng
082 ## - DEWEY DECIMAL CLASSIFICATION NUMBER
Classification number 368 REJG
Edition number 23
100 ## - MAIN ENTRY--PERSONAL NAME
Personal name REJDA (George E).
9 (RLIN) 92714
245 ## - TITLE STATEMENT
Title Principles of risk management and insurance.
250 ## - EDITION STATEMENT
Edition statement 10
260 ## - PUBLICATION, DISTRIBUTION, ETC.
Place of publication, distribution, etc. New Delhi
Name of publisher, distributor, etc. Pearson
Date of publication, distribution, etc. 2011
300 ## - PHYSICAL DESCRIPTION
Extent xx,748
Other physical details PB
365 ## - TRADE PRICE
Price amount 699
Currency code INR
906 ## - LOCAL DATA ELEMENT F, LDF (RLIN)
a insurance. ; management ; Principles ; risk
942 ## - ADDED ENTRY ELEMENTS (KOHA)
Source of classification or shelving scheme Dewey Decimal Classification
Koha item type Book
Holdings
Withdrawn status Lost status Damaged status Not for loan Collection code Home library Current library Date acquired Source of acquisition Cost, normal purchase price Total Checkouts Full call number Barcode Date last seen Date last checked out Price effective from Koha item type
        Economics St Aloysius PG Library St Aloysius PG Library 10/30/2013 Higginbothams Pvt Ltd 699.00 7 368 REJG PG008145 02/22/2024 02/09/2024 04/26/2021 Book
        Economics St Aloysius PG Library St Aloysius PG Library 10/30/2013 Higginbothams Pvt Ltd 699.00   368 REJG PG008146 08/24/2022   04/26/2021 Book
        Economics St Aloysius PG Library St Aloysius PG Library 10/30/2013 Higginbothams Pvt Ltd 699.00 6 368 REJG PG008147 02/27/2023 02/22/2023 04/26/2021 Book
        Economics St Aloysius PG Library St Aloysius PG Library 10/30/2013 Higginbothams Pvt Ltd 699.00 2 368 REJG PG008148 05/30/2023 09/20/2022 04/26/2021 Book
        Economics St Aloysius PG Library St Aloysius PG Library 10/30/2013 Higginbothams Pvt Ltd 699.00 3 368 REJG PG008149 02/27/2023 02/22/2023 04/26/2021 Book